[Event "ACT-ch"]
[Site "Canberra"]
[Date "2016.02.21"]
[Round "9"]
[White "Braguine, Victor"]
[Black "Radisich, Matt"]
[Result "1/2-1/2"]
[WhiteElo "1882"]
[BlackElo "1643"]
[PlyCount "83"]
[EventDate "2016.02.12"]
[EventType "swiss"]
[EventRounds "9"]
[EventCountry "AUS"]
[SourceTitle "CBM 171 Extra"]
[Source "ChessBase"]
[SourceDate "2016.04.26"]
[SourceVersion "1"]
[SourceVersionDate "2016.04.26"]
[SourceQuality "1"]

1. c4 e5 2. Nc3 Nf6 3. g3 d5 4. cxd5 Nxd5 5. Bg2 Nb6 6. Nf3 Nc6 7. 0-0 Be7 8. d3 Be6 9. a4 0-0 10. a5 Nd5 11. a6 b6 12. Qa4 Nxc3 13. bxc3 Bd7 14. Qc2 Qc8 15. Nd2 Rb8 16. Nc4 f6 17. Qa2 Kh8 18. Be3 Qe8 19. Rfb1 Be6 20. Qa4 Bd7 21. Qc2 Be6 22. Na3 Bxa3 23. Rxa3 Ne7 24. c4 Nf5 25. Bd2 Nd4 26. Qd1 Bg4 27. f3 Bh5 28. g4 Bg6 29. h4 Qe7 30. Ra2 Rbd8 31. h5 Nxe2+ 32. Qxe2 Bxd3 33. Qe1 Bxb1 34. Qxb1 Qc5+ 35. Kh2 Qxc4 36. Be1 Rd7 37. Bg3 Rfd8 38. h6 Rd1 39. Qb2 gxh6 40. Qa3 c5 41. Qb2 Qd3 42. Bxe5 1/2-1/2

[Event "ACT-ch"]
[Site "Canberra"]
[Date "2016.02.13"]
[Round "2"]
[White "Braguine, Victor"]
[Black "Ikeda, Junta"]
[Result "1/2-1/2"]
[WhiteElo "1882"]
[BlackElo "2393"]
[PlyCount "97"]
[EventDate "2016.02.12"]
[EventType "swiss"]
[EventRounds "9"]
[EventCountry "AUS"]
[SourceTitle "CBM 171 Extra"]
[Source "ChessBase"]
[SourceDate "2016.04.26"]
[SourceVersion "1"]
[SourceVersionDate "2016.04.26"]
[SourceQuality "1"]

1. c4 e6 2. g3 Nf6 3. Bg2 d5 4. Nf3 Be7 5. 0-0 0-0 6. b3 b6 7. e3 Bb7 8. Bb2 c5 9. Ne5 Nbd7 10. Na3 a6 11. d4 cxd4 12. exd4 Rc8 13. Rc1 Rc7 14. Re1 Qa8 15. Qe2 dxc4 16. Bxb7 Qxb7 17. Naxc4 Nb8 18. Ng4 Nd5 19. Nce3 Rfc8 20. Nxd5 Qxd5 21. Qe5 Rxc1 22. Rxc1 Rxc1+ 23. Bxc1 Qxe5 24. dxe5 Nc6 25. Bb2 Bc5 26. Bc3 h5 27. Ne3 Bxe3 28. fxe3 Kf8 29. Kf2 Ke7 30. Kf3 Kd7 31. Kf4 g6 32. Kg5 Ke8 33. h3 b5 34. b4 Ne7 35. e4 Nc6 36. a3 Kf8 37. Kf6 Nb8 38. Bd4 Nd7+ 39. Kg5 Kg7 40. h4 Nb8 41. g4 Nc6 42. Bc3 hxg4 43. Kxg4 Nb8 44. Kg5 Nd7 45. Bd4 Nf8 46. Kg4 Nd7 47. Kg5 Nb8 48. Bc3 Nc6 49. Kg4 1/2-1/2

[Event "Bodensee op"]
[Site "Bregenz"]
[Date "2015.05.12"]
[Round "4"]
[White "Braguine, Victor"]
[Black "Srienz, Christian"]
[Result "0-1"]
[WhiteElo "1968"]
[BlackElo "2236"]
[PlyCount "70"]
[EventDate "2015.05.09"]
[EventType "swiss"]
[EventRounds "9"]
[EventCountry "AUT"]
[SourceTitle "CBM 166 Extra"]
[Source "ChessBase"]
[SourceDate "2015.06.18"]
[SourceVersion "1"]
[SourceVersionDate "2015.06.18"]
[SourceQuality "1"]

1. c4 Nf6 2. g3 e5 3. Bg2 d5 4. cxd5 Nxd5 5. Nc3 Nb6 6. Nf3 Nc6 7. d3 Be7 8. 0-0 0-0 9. a3 Be6 10. b4 f6 11. Bb2 Qd7 12. Re1 Rfd8 13. Rc1 a5 14. b5 Nd4 15. Nd2 Rab8 16. a4 Bb4 17. e3 Nf5 18. Bf1 Nd6 19. Qc2 c6 20. Red1 Bg4 21. bxc6 bxc6 22. f3 Be6 23. Nde4 Qf7 24. Nxd6 Bxd6 25. Qf2 Bb3 26. Rd2 Nxa4 27. d4 Nxb2 28. dxe5 Ba3 29. Rxb2 Bxb2 30. Qxb2 fxe5 31. Bg2 Rd3 32. Ne4 Qa7 33. Nc5 Bf7 34. Qxe5 Re8 35. Qf5 Rd5 0-1

[Event "Australian op"]
[Site "Sydney"]
[Date "2015.01.02"]
[Round "1"]
[White "Braguine, Victor"]
[Black "Kazhgaleyev, Murtas"]
[Result "0-1"]
[WhiteElo "1925"]
[BlackElo "2573"]
[PlyCount "104"]
[EventDate "2015.01.02"]
[EventType "swiss"]
[EventRounds "11"]
[EventCountry "AUS"]
[SourceTitle "CBM 164 Extra"]
[Source "ChessBase"]
[SourceDate "2015.03.02"]
[SourceVersion "1"]
[SourceVersionDate "2015.03.02"]
[SourceQuality "1"]

1. c4 e6 2. g3 d5 3. Bg2 Nf6 4. Nf3 dxc4 5. Ne5 Qd4 6. Nf3 Qc5 7. 0-0 Nbd7 8. Qc2 Bd6 9. Na3 Nb6 10. b3 cxb3 11. Qxc5 Bxc5 12. axb3 Nbd5 13. d4 Bb4 14. Nd2 Bc3 15. Rb1 Bxd4 16. Bb2 Bxb2 17. Rxb2 Bd7 18. b4 Ke7 19. e4 Nb6 20. Rc1 Rhc8 21. e5 Nfd5 22. Ne4 a6 23. Nc5 Bc6 24. Nc4 Nxc4 25. Rxc4 Bb5 26. Rg4 b6 27. Ne4 g6 28. Nf6 c6 29. Nxh7 a5 30. Bxd5 exd5 31. Ng5 a4 32. Rf4 Rf8 33. Nh7 a3 34. Ra2 Bc4 35. Ra1 Rfd8 36. Rf6 Rdc8 37. Ng5 d4 38. Ne4 Bd5 39. Nd6 Rcb8 40. f4 a2 41. f5 g5 42. Nxf7 Bxf7 43. Rxc6 Rc8 44. Rxb6 Bd5 45. Rd6 Rd8 46. Rg6 d3 47. Kf2 d2 48. Ke2 Bc4+ 49. Kd1 Bb3+ 50. Ke2 d1Q+ 51. Rxd1 Bxd1+ 52. Ke3 Ra3+ 0-1

[Event "ACT-ch"]
[Site "Canberra"]
[Date "2014.03.30"]
[Round "9"]
[White "Ikeda, Junta"]
[Black "Braguine, Victor"]
[Result "0-1"]
[WhiteElo "2338"]
[BlackElo "1775"]
[PlyCount "112"]
[EventDate "2014.03.21"]
[EventType "swiss"]
[EventRounds "9"]
[EventCountry "AUS"]
[SourceTitle "CBM 159 Extra"]
[Source "ChessBase"]
[SourceDate "2014.04.24"]
[SourceVersion "1"]
[SourceVersionDate "2014.04.24"]
[SourceQuality "1"]

1. e4 g6 2. d4 Bg7 3. Nc3 d6 4. f4 c6 5. Nf3 Bg4 6. Be3 Qa5 7. Qd2 Nf6 8. e5 Nd5 9. Nxd5 Qxd2+ 10. Nxd2 cxd5 11. h3 Bf5 12. g4 Be4 13. Nxe4 dxe4 14. Bg2 d5 15. c4 e6 16. f5 Nc6 17. cxd5 exd5 18. Rc1 Bf8 19. a3 gxf5 20. gxf5 Rg8 21. Kf2 f6 22. Bf4 Nxd4 23. exf6 Nxf5 24. Rc7 Kd8 25. f7 Rg6 26. Rc2 e3+ 27. Ke1 Nd4 28. Rc3 Rxg2 29. Bxe3 Nf5 30. Rf1 Nd6 31. Rd3 Rxb2 32. Rxd5 Rb1+ 33. Ke2 Rxf1 34. Kxf1 Kd7 35. Rh5 Nxf7 36. Rxh7 Ke6 37. a4 Be7 38. Rh5 b6 39. Rb5 Nd6 40. Rh5 Nf5 41. Bf4 Rf8 42. Ke2 Bc5 43. Kd3 Rd8+ 44. Kc3 Rd4 45. Bg5 Rxa4 46. h4 Bf2 47. Kb3 Rg4 48. Rh7 a5 49. Bd8 a4+ 50. Ka2 b5 51. Rb7 b4 52. h5 b3+ 53. Ka3 Bc5+ 54. Kb2 Rg2+ 55. Kc3 Nd6 56. Re7+ Kd5 0-1

[Event "ACT-ch"]
[Site "Canberra"]
[Date "2014.03.22"]
[Round "2"]
[White "Brown, Andrew"]
[Black "Braguine, Victor"]
[Result "1-0"]
[WhiteElo "2245"]
[BlackElo "1775"]
[PlyCount "95"]
[EventDate "2014.03.21"]
[EventType "swiss"]
[EventRounds "9"]
[EventCountry "AUS"]
[SourceTitle "CBM 159 Extra"]
[Source "ChessBase"]
[SourceDate "2014.04.24"]
[SourceVersion "1"]
[SourceVersionDate "2014.04.24"]
[SourceQuality "1"]

1. d4 d5 2. c4 e6 3. Nc3 Nf6 4. Nf3 Nbd7 5. Bf4 c6 6. e3 Be7 7. Qc2 0-0 8. Rc1 Re8 9. h3 Nf8 10. g4 dxc4 11. Bxc4 Nd5 12. Bg3 Nb4 13. Qb1 Nd5 14. e4 Nxc3 15. bxc3 b5 16. Bd3 Bb7 17. 0-0 a6 18. c4 Ng6 19. a4 b4 20. c5 a5 21. Rfd1 Ba6 22. Bxa6 Rxa6 23. Qd3 Ra7 24. Qe3 Rd7 25. Rc4 Bf6 26. Bd6 e5 27. d5 cxd5 28. exd5 h6 29. Re1 Rxd6 30. cxd6 Qxd6 31. Qc5 Qxc5 32. Rxc5 e4 33. d6 Nf4 34. d7 Re6 35. g5 Nxh3+ 36. Kh2 Nxg5 37. Nxg5 hxg5 38. Rc8+ Kh7 39. d8Q Bxd8 40. Rxd8 Re5 41. Rb8 Kg6 42. Rb5 Kf5 43. Rc1 f6 44. Rcc5 Kf4 45. Rxe5 fxe5 46. Rxa5 b3 47. Rb5 Kf3 48. Kg1 1-0

[Event "ACT-ch"]
[Site "Tuggeranong"]
[Date "2013.02.24"]
[Round "9"]
[White "Braguine, Victor"]
[Black "Gardiner Garden, Aelfric"]
[Result "1-0"]
[WhiteElo "1750"]
[BlackElo "1311"]
[PlyCount "139"]
[EventDate "2013.02.15"]
[EventType "swiss"]
[EventRounds "9"]
[EventCountry "AUS"]
[SourceTitle "EXT 2015"]
[Source "ChessBase"]
[SourceDate "2014.11.20"]
[SourceVersion "1"]
[SourceVersionDate "2014.11.20"]
[SourceQuality "1"]

1. d4 g6 2. c4 Bg7 3. e4 c6 4. Nc3 d5 5. cxd5 cxd5 6. Bb5+ Bd7 7. exd5 Bxb5 8. Nxb5 Qa5+ 9. Nc3 Nf6 10. Qb3 Nbd7 11. Nge2 Qb6 12. Qa3 0-0 13. 0-0 Rfe8 14. Be3 Bf8 15. Qa4 Qd8 16. Qb3 Nb6 17. Nf4 Qd7 18. Rad1 Rad8 19. Nd3 Nfxd5 20. Ne5 Qc7 21. Nb5 Qb8 22. Rc1 e6 23. Nc3 Bg7 24. Ng4 h5 25. Ne5 Bxe5 26. dxe5 Nxe3 27. fxe3 Qxe5 28. Rf3 Rd3 29. Rcf1 Rf8 30. e4 Rd2 31. Kh1 Qd4 32. Qa3 Nd7 33. Qe7 Ne5 34. Rg3 Rf2 35. Rg1 Ng4 36. Qg5 Rxb2 37. h3 Qd6 38. e5 Nf2+ 39. Kh2 Qd2 40. Qxh5 Qf4 41. Qg5 Qxg5 42. Rxg5 Rc2 43. Rg3 Rc8 44. Nb5 Rxa2 45. Nd6 Rc7 46. Rf3 Rd2 47. Rf1 Nd1 48. Ne4 Rd4 49. Nf6+ Kf8 50. Nh7+ Ke8 51. Nf6+ Kd8 52. Ng8 Rdd7 53. Nf6 Rd4 54. Ng8 Nc3 55. Nh6 b5 56. Nxf7+ Kc8 57. Nd6+ Kd7 58. Rc1 b4 59. Rf7+ Kc6 60. Rxc7+ Kxc7 61. Nb5+ Kb6 62. Nxd4 a5 63. Nxe6 a4 64. Nd4 a3 65. e6 Nd5 66. Rc6+ Kb7 67. Rc4 a2 68. Nb3 Kb6 69. Rxb4+ Nxb4 70. e7 1-0

[Event "ACT-ch"]
[Site "Tuggeranong"]
[Date "2013.02.24"]
[Round "8"]
[White "Sengstock, Steven"]
[Black "Braguine, Victor"]
[Result "0-1"]
[WhiteElo "1879"]
[BlackElo "1750"]
[PlyCount "62"]
[EventDate "2013.02.15"]
[EventType "swiss"]
[EventRounds "9"]
[EventCountry "AUS"]
[SourceTitle "EXT 2015"]
[Source "ChessBase"]
[SourceDate "2014.11.20"]
[SourceVersion "1"]
[SourceVersionDate "2014.11.20"]
[SourceQuality "1"]

1. d4 d5 2. c4 c6 3. Nc3 dxc4 4. a4 a6 5. e4 Be6 6. d5 cxd5 7. exd5 Bf5 8. Bxc4 Nf6 9. Nf3 Nbd7 10. a5 Qc7 11. Qe2 Bg4 12. Bb3 g6 13. 0-0 Nc5 14. Bc4 Bg7 15. h3 Bxf3 16. Qxf3 0-0 17. Bf4 Qc8 18. Na4 Nxa4 19. Rxa4 Rd8 20. Rb4 Qc5 21. Ra4 Nxd5 22. Rc1 Bxb2 23. Rc2 Bg7 24. Bb3 Qb5 25. Bc7 Rd7 26. Bb6 Nxb6 27. Qxf7+ Kh8 28. axb6 Rd1+ 29. Kh2 Rf8 30. Qc4 Qe5+ 31. g3 Qe1 0-1